000 01136nam a2200265Ia 4500
999 _c40855
_d40855
001 7497
003 GE_BSU
005 20200110161530.0
008 181216s2013||||ge |||||||||||||| ||geo||
020 _a9789941434501
040 _cGE_BSU
041 _ageo
080 _a811.353.1'27 კ-49
100 _aკიკვაძე, მაია
_92148
245 _aქართული ენის კომუნიკაციური ასპექტები :
_bნაწ. 1 /
_cმაია კიკვაძე, დიანა ახვლედიანი ; რედ. მამია ფაღავა.
264 _aბათუმი :
_bბათუმის შოთა რუსთაველის სახ. უნ–ტი,
_c2013.
300 _a98 გვ. ;
_b30 სმ.
504 _a ბიბლიოგრ.: გვ. 97.
541 _h5ლ.66თ.
653 _aქართული ენა
700 _aახვლედიანი, დ.
_eავტორი
_96077
700 _aფაღავა, მ.
_eრედაქტორი
_91854
710 _aბსუ
_96078
942 _cBK
_2udc